| 000 | 00470pam a2200169 i 4500 | ||
|---|---|---|---|
| 020 | _a0521220629 | ||
| 040 | _cDLC | ||
| 082 | 0 | 0 | _a581 CAM 1979 A063 Or. |
| 100 | 1 | _aJacobs, William Paul, | |
| 245 | 1 | 0 | _aPlant hormones and plant development / |
| 260 |
_aCambridge [Eng.] ; _aNew York : _bCambridge University Press, _c1979. |
||
| 300 |
_axii, 339 p. : _bill. ; _c24 cm. |
||
| 500 | _aIncludes indexes. | ||
| 650 | 0 | _aPlant hormones. | |
| 650 | 0 | _aPlants | |
| 942 | _cEK | ||
| 999 |
_c15044 _d15044 |
||